Statistics for Most Common Colours On National Flags

Click here to take the quiz!

General Stats

  • This quiz has been taken 173 times
  • The average score is 7 of 8

Answer Stats

Number of FlagsColour% Correct
59Black
99%
102Blue
99%
87Green
99%
148Red
99%
140White
99%
89Yellow/Gold
99%
9Orange
86%
9Brown
58%

Score Distribution

Percentile by Number Answered

Percent of People with Each Score

Your Score History

You have not taken this quiz